| 000 | 00775nam a2200217 i 4500 | ||
|---|---|---|---|
| 001 | 28936 | ||
| 003 | ES-MaACL | ||
| 005 | 20230909063103.0 | ||
| 007 | t| | ||
| 008 | 030120s1894 sp ||||1| spa d | ||
| 080 | _a821.134.1-293"18" | ||
| 100 | 1 |
_aBalaguer, Víctor, _d1824-1901 _924806 |
|
| 245 | 1 | 4 |
_aLos Pirineos _b: traducción en prosa castellana de la trilogía escrita en verso catalán / _cpor Víctor Balaguer. |
| 250 | _a3ª ed. | ||
| 260 |
_aMadrid : _bLibrería de Fernando Fe, _c1894 ( _fEl Progeso Editorial) |
||
| 300 |
_a191 p. ; _c21 cm. |
||
| 530 | _aDisponible en formato digital. | ||
| 852 |
_aES-MaACL _jB-5986 |
||
| 856 |
_uhttp://bdh-rd.bne.es/viewer.vm?id=0000110311&page=1 _zBiblioteca Digital Hispánica |
||
| 999 |
_c28936 _d28936 |
||